Veterans' racial and ethnic composition and place of birth : 2011 /

Bibliographic Details
Main Authors: Lee, Jason-Harold (Author), Beckhusen, Julia B. (Author)
Corporate Author: American Community Survey (U.S.)
Format: Government Document eBook
Language:English
Published: [Washington, D.C.] : U.S. Department of Commerce, Economics and Statistics Administration, U.S. Census Bureau, 2012.
Series:American community survey briefs ; ACSBR/11-22.
Subjects:
Online Access:https://purl.fdlp.gov/GPO/gpo93705

MARC

Tag First Indicator Second Indicator Subfields
LEADER 00000nam a2200000Ii 4500
001 in00004021135
005 20180723094631.0
006 m o d f
007 cr |||||||||||
008 130131s2012 dcuab os f000 0 eng d
035 |a (OCoLC)ocn826135588 
043 |a n-us--- 
040 |a CBU  |b eng  |e rda  |e pn  |c CBU  |d OCLCQ  |d OCLCA  |d OCLCQ  |d OCLCO  |d OCLCQ  |d OCLCF  |d GPO  |d MvI 
049 |a WWW 
074 |a 0154-B-59 (online) 
086 0 |a C 3.297/3:11-22 
100 1 |a Lee, Jason-Harold,  |e author. 
245 1 0 |a Veterans' racial and ethnic composition and place of birth :  |b 2011 /  |c by Jason-Harold Lee and Julia B. Beckhusen. 
264 1 |a [Washington, D.C.] :  |b U.S. Department of Commerce, Economics and Statistics Administration, U.S. Census Bureau,  |c 2012. 
300 |a 1 online resource (5 pages) :  |b color illustrations, color map. 
336 |a text  |b txt  |2 rdacontent 
337 |a computer  |b c  |2 rdamedia 
338 |a online resource  |b cr  |2 rdacarrier 
490 1 |a American community survey briefs ;  |v ACSBR/11-22 
500 |a "Issued December 2012." 
588 |a Description based on online resource, PDF version; title from caption (USCB, viewed June 18, 2018). 
650 0 |a Veterans  |z United States  |v Statistics. 
650 0 |a Veterans  |z United States  |x Social conditions  |y 21st century  |v Statistics. 
650 7 |a Veterans.  |2 fast  |0 (OCoLC)fst01165710 
651 7 |a United States.  |2 fast  |0 (OCoLC)fst01204155 
655 7 |a Statistics.  |2 fast  |0 (OCoLC)fst01423727 
655 7 |a Statistics.  |2 lcgft 
700 1 |a Beckhusen, Julia B.,  |e author. 
710 2 |a U.S. Census Bureau,  |e issuing body. 
710 2 |a American Community Survey (U.S.) 
830 0 |a American community survey briefs ;  |v ACSBR/11-22. 
856 4 0 |u https://purl.fdlp.gov/GPO/gpo93705  |t 0 
999 f f |s 2b703ed5-80f4-3c1f-b696-e6d8b10a3852  |i 039a441e-a85a-3a10-bb7b-fbeec4eee60b  |t 0 
952 f f |a Texas A&M University  |b College Station  |c Electronic Resources  |d Available Online  |t 0  |e C 3.297/3:11-22  |h Superintendent of Documents classification 
998 f f |a C 3.297/3:11-22  |t 0  |l Available Online